000 00545cam a2200193ua 4500
001 448
005 20260515113152.0
008 110406n ii |||gr||||Z||||||eng
040 _cMAIN
082 _a327.09041
245 _aInternational relations since 1919. :
_bpart two (1945-present day.) /
_cBy Madan Lal Gupta.
250 _a2nd.
260 _aAllahabad.:
_bChaitanya publishing house.,964.
300 _a496 p.:6 cm.
653 _aPolitical science.
653 _aInternational relations.
700 _aGupta, Madan Lal.,
942 _cBK
999 _c392
_d392